Welthauptstädte mit einem einzigen Hinweis #2 - Statistiken

Allgemein
  • Dieses Quiz wurde 8.209 mal gespielt
  • Das Durchschnittsergebnis liegt bei 7 aus 20
Antwortstatistiken
Land Hinweis Hauptstadt % Korrekt
Deutschland Bis 1989 durch eine Mauer geteilt Berlin
100%
Spanien Heimat von Europas erfolgreichstem professionellen Fußballklub Madrid
87%
Irland Wo das Guinness-Bier herkommt Dublin
77%
Dänemark Hans Christian Andersen lebte hier Kopenhagen
69%
Ägypten Zweitgrößte Stadt Afrikas Kairo
63%
Singapur Stadtstaat mit einer Bevölkerung von 5,6 Mio. Singapur
56%
Monaco Hat mehr Milliardäre pro Kopf als jede andere Hauptstadt Monaco
43%
Nepal Everest-Kletterer fliegen normalerweise in diese Hauptstadt Kathmandu
39%
Peru Von Francisco Pizarro im Jahre 1535 gegründet Lima
34%
Mongolei Diese inländische, asiatische Hauptstadt ist die kälteste der Welt Ulaanbaatar
32%
Niederlande Die älteste Börse der Welt wurde hier im Jahre 1602 gegründet Amsterdam
28%
Venezuela Ort vieler Proteste gegen Nicolás Maduro Caracas
25%
Uganda An der Nordküste des Victoriasees gelegen Kampala
19%
Chile Liegt 120 Kilometer von der Hafenstadt Valparaíso entfernt Santiago
17%
Philippinen Seine Metropolregion schließt Quezon City ein Manila
14%
Vereinigte Staaten Basiert auf dem Design von Pierre L'Enfant aus dem Jahr 1791 Washington D.C.
11%
Syrien Hauptstadt des Umayyadenreiches von 661 bis 750 Damaskus
8%
Kanada Sein Name stammt aus der Algonquin-Sprache Ottawa
8%
Israel Asiatische Hauptstadt, welche keine einzige ausländische Botschaft hat Jerusalem
7%
Panama Es grenzte an US-Territorium von 1903 bis 1979 Panama-Stadt
4%
Keine übereinstimmenden Quizze gefunden
Verteilung der Resultate
Anzahl Personen mit jedem Resultat
Perzentil nach korrekt beantworteten Fragen
Ihre Resultats-Entwicklung
Sie haben dieses Quiz noch nicht gespielt